000 01428nam a22003257a 4500
005 20160822165509.0
008 140305s2002 ck abdogr|||| 00| 0 spa d
040 _aCO-BoIAVH
_cCO-BoIAVH
041 _aspa
044 _ack
082 _a333.783092
_bM66p
110 2 _bUnidad Coordinadora
_bFondo de Inversiones Ambientales
_aMinisterio del Medio Ambiente
_974643
245 1 0 _aPlan de Manejo :
_bParque Nacional Natural Los Nevados y su Zona Amortiguadora
_cMinisterio del Medio Ambiente, Corpocaldas, Carder, CRQ, Cortolima, Unidad Administrativa Especial, Banco Interamericano del Desarrollo
260 3 _aPereira
_bGráficas Buda
_c2002
300 _a525 p.
_bil., fot., mapas, tablas, gráficas
_c28 cm
504 _aIncluye bibliografía (páginas 517 - 525)
650 4 _aAreas protegidas
_zColombia
_974644
650 4 _aParques nacionales naturales
_zColombia
_974645
650 4 _aManejo de áreas protegidas
_zColombia
_974646
650 4 _aPlanes de Manejo
_zColombia
_974647
650 4 _aEcoturismo
_zColombia
_974648
650 4 _aEducación ambiental
_zColombia
_974649
710 1 _aCorpocaldas
_915444
710 1 _aCarder
_915445
710 1 _aUnidad Administrativa Especial
_915448
710 1 _aBanco Interamericano del Desarrollo
_915449
710 1 _aCorporación Autónoma Regional del Quindio
_974650
710 1 _aCorporación Autónoma Regional del Tolima cortolima
_915447
942 _cLIBRO
_2ddc
_02
999 _c8222
_d8222